000 00672nam a22002177a 4500
003 BUBTL
008 230205b ||||| |||| 00| 0 eng d
020 _a9780140513691
082 _a801.953/ M159p/ 2000
100 _95187
_a Macey, David
245 _aThe Penguin dictionary of critical theory/
_cDavid Macey
250 _a1st Edn
260 _aEngland:
_bPenguin Books,
_cc2000
300 _a490 p.:
_c22 cm.
500 _aIncludes Bibliography
505 _aEnglish, English Literature, critical theory, dictionary, David Macey
650 0 _91994
_aEnglish Literature
856 _k0
_l0
_yDownload
942 _2ddc
_cBK
999 _c6947
_d6947